Géographie difficile commençant par la lettre C - Statistiques

Statistiques générales
  • Ce quiz a été pris 197 fois
    93 depuis la dernière actualisation
  • Le résultat moyen est 8 sur 20
Statistiques - réponses
Hint Réponse % Correct
Région d'Eurasie comportant les villes de Bakou, Erevan et Tbilissi Caucase
82%
État americano-mexicain dis "bas" s'il est mexicain Californie
80%
Pays asiatique dit "mégadivers" Chine
75%
Plus grand lac du monde Caspienne
73%
Région du nord de l'Inde Cachemire
64%
Capitale sarde Cagliari
60%
Mer de l'est australien Corail
58%
Second fleuve du monde pour son haut débit Congo
47%
État du nord du Mexique Chihuahua
44%
Détroit séparant les deux îles néo-zélandaises Cook
36%
Ville majeure du Nord-Ouest roumain Cluj-Napoca
33%
Capitale de Paraná, un État du sud du Brésil Curitiba
33%
Ville chinoise connue pour son train traversant un immeuble Chongqing
31%
Ville italienne ayant accueilli les Jeux Olympiques d'hiver 1956 Cortina
29%
Plus grande chaîne de montagnes océanienne Cordillère australienne
27%
Cette mer est aussi appelée mer de Sulawesi, en l'honneur de l'île indonésienne qu'elle borde Célèbes
24%
Ville philippine surnommée « The Queen City of the South » (la ville reine du sud) Cebu
22%
Ce volcan endormi s'est brusquement réveillé en 2016, provoquant la panique jusque dans la capitale nationale de Quito Cotopaxi
11%
Isthme sablonneux de 98 km situé au bord de la mer Baltique Courlande
7%
Cap situé au sud de l'Inde Comorin
5%
Aucun quiz correspondant
Distribution des résultats
% des personnes avec chaque résultat
Percentile par nombre de réponses
Votre historique - résultats
Vous n’avez pas pris ce quiz depuis la dernière actualisation